000 00693cam a22002292 4500
001 0000018518
005 20151217154419.0
008 100208s xx 000 0 eng d
020 _a0198765769 :
040 _aKABU
_cKABU
100 1 _aBeatson, J.
_@0000177810
245 1 0 _aAnson's law of contract /
_cJ. Beatson.
250 _a28th ed.
260 _aOxford :
_bO. U. P.,
_c2002.
300 _axcv, 739 p.
650 0 _aContracts
_zGreat Britain.
_@0000156958
650 0 _aAgency ( Law)
_zGreat Britain.
_@0000177811
700 1 _aAnson, William Reynell.
_@0000177812
852 1 _9p6400 KSH
908 _a100208
950 _@1
999 _c11147
_d11147